Normas de procedimiento penal : de la Ciudad Autónoma de Buenos Aires /

Guardado en:
Autor Corporativo: Consejo de la Magistratura de la Ciudad Autónoma de Buenos Aires.
Formato: Desconocido
Idioma:Spanish
Publicado: Ciudad Autónoma de Buenos Aires : Jusbaires, 2016.
Edición:3a. ed.
Series:Colección normativa
Materias:
Etiquetas: Agregar Etiqueta
Sin Etiquetas, Sea el primero en etiquetar este registro!
LEADER 00686nac a22001815a 4500
001 DER.der014104
008 190918i2016####ag#||||||||||||||#||spa||
005 20240301122416.0
245 1 0 |a Normas de procedimiento penal :  |b de la Ciudad Autónoma de Buenos Aires /  |c Consejo de la Magistratura de la Ciudad Autónoma de Buenos Aires. 
250 |a 3a. ed. 
260 |a Ciudad Autónoma de Buenos Aires :  |b Jusbaires,  |c 2016. 
300 |a 222 p. 
490 0 |a Colección normativa 
020 |a 9789873690785 
110 2 |a Consejo de la Magistratura de la Ciudad Autónoma de Buenos Aires. 
650 7 |a DERECHO PROCESAL PENAL 
650 7 |a EJECUCION PENAL 
859 |a DERECHO  |b BIB. DERECHO  |h 345  |i CON  |p 009338